00628nam a2200169Ia 4500008004100000020001600041041000800057082001300065100003600078245010800114250000600222260005300228300001100281650002500292999001900317952012200336210716s2004 xx 000 0 und d a81239608601 aeng a331 BLUM aBlum, Milton L;Naylor, James C. aIndustrial psychology: its theoretical and social foundations.bIts theoretical and social foundations. a1 aNew DelhibCBS Publishers and Distributorsc2004 axi,631 aIndustrial Relations c199837d199837 001040708MBAaAIMITbAIMITd2005-11-30g235.00l0o331 BLUMpMBA02402r2026-05-23 00:00:00v235.00w2021-07-16yBK